Diseño de guías didácticas para el aprendizaje del idioma inglés para primer ciclo de educación básica (Registro nro. 21211)

Detalles MARC
000 -CABECERA
Longitud fija campo de control 01538nam a22002777a 4500
003 - IDENTIFICADOR DELl NÚMERO DE CONTROL
Identificador del número de control OSt
005 - FECHA Y HORA DE LA ÚLTIMA TRANSACCIÓN
Fecha y hora de la última transacción 20160818112835.0
008 - CÓDIGOS DE INFORMACIÓN DE LONGITUD FIJA
Códigos de información de longitud fija 150407b2011 slv spa
040 ## - FUENTE DE LA CATALOGACIÓN
Centro transcriptor BMC
082 ## - NÚMERO DE LA CLASIFICACIÓN DECIMAL DEWEY
Númeroo de clasificación 372.420077284
100 1# - PUNTO DE ACCESO PRINCIPAL-NOMBRE DE PERSONA
9 (RLIN) 34739
Nombre de persona Segura Osorio, Juana Elizabeth
245 10 - MENCIÓN DE TÍTULO
Título Diseño de guías didácticas para el aprendizaje del idioma inglés para primer ciclo de educación básica
Resto del título : Proyecto
Mención de responsabilidad, etc. Juana Elizabeth Segura Osorio, Liliana Isabel Oliva Aguilar, Ana Coralia Zeldaña Baches
260 ## - PUBLICACIÓN, DISTRIBUCIÓN, ETC. (PIE DE IMPRENTA)
Lugar de publicación, distribución, etc. Santa Ana (El Salvador)
Nombre del editor, distribuidor, etc. Universidad Católica de El Salvador
Fecha de publicación, distribución, etc. 2011
300 ## - DESCRIPCIÓN FÍSICA
Extensión 1 folleto (43 h.)
Otras características físicas il. col.
Material anejo + 2 disco compacto
Dimensiones 27 cm
500 ## - NOTA GENERAL
Nota general Precede al tít.: Universidad Católica de El Salvador, Facultad de Ciencias y Humanidades
500 ## - NOTA GENERAL
Nota general Guía didáctica de primer grado código No. 1037513 contiene CD
500 ## - NOTA GENERAL
Nota general Guía didáctica de segundo grado código No. 1037515 contiene CD
500 ## - NOTA GENERAL
Nota general Guía didáctica de tercer grado código No. 1037516 contiene CD
500 ## - NOTA GENERAL
Nota general Contiene CD de música de las guías didáctica código No. 1037516
502 ## - NOTA DE TESIS
Nota de tesis Trabajo de graduación para optar al grado académico de Licenciatura en Ciencias de la Educación con especialidad en el Idioma Inglés.
650 24 - PUNTO DE ACCESO ADICIONAL DE MATERIA - TÉRMINO DE MATERIA
9 (RLIN) 33267
Término de materia o nombre geográfico como elemento inicial Educación Primaria
Subdivisión de forma Lengua inglesa
Subdivisión de materia general Didáctica
Subdivisión geográfica El Salvador
700 1# - PUNTO DE ACCESO ADICIONAL - NOMBRE DE PERSONA
9 (RLIN) 34741
Nombre de persona Oliva Aguilar, Liliana Isabel
700 1# - PUNTO DE ACCESO ADICIONAL - NOMBRE DE PERSONA
9 (RLIN) 34742
Nombre de persona Zaldaña Baches, Ana Coralia
710 2# - PUNTO DE ACCESO ADICIONAL - NOMBRE DE ENTIDAD
9 (RLIN) 1075
Nombre de entidad o nombre de jurisdicción como elemento inicial Universidad Católica de El Salvador
Unidad subordinada Facultad de Ciencias y Humanidades
942 ## - ENTRADA DE ELEMENTOS AGREGADOS (KOHA)
Fuente de clasificaión o esquema Dewey Decimal Classification
Koha [por defecto] tipo de item 4- Trabajo de Graduación
Existencias
Suprimido Perdido Fuente de clasificación o esquema Estropeado Restricciones de uso No para préstamo Código de colección Localización permanente Localización actual Localización en estanter&íacute;as Fecha adquisición Fuente de adquisición Número de inventario Préstamos totales Signatura completa Código de barras Fecha última consulta Fecha último préstamo Fecha del precio de reemplazo Tipo de item de Koha Renovaciones totales
NULL NULL Dewey Decimal Classification NULL Prestable NULL NULL Biblioteca Miguel de Cervantes - UNICAES Biblioteca Miguel de Cervantes - UNICAES Sala Principal 09/06/2015 Donación - Juana Elizabeth Segura Osorio, Liliana Isabel Oliva Aguilar, Ana Coralia Zaldaña Baches 000657 1 P-000657 1031668 05/10/2018 05/10/2018 09/06/2015 4- Trabajo de Graduación  
NULL NULL Dewey Decimal Classification NULL Prestable NULL NULL Biblioteca Miguel de Cervantes - UNICAES Biblioteca Miguel de Cervantes - UNICAES Sala Principal 20/07/2016 Donación - Juana Elizabeth Segura Osorio, Liliana Isabel Oliva Aguilar, Ana Coralia Zaldaña Baches 002493   P-000657 1037513 20/07/2016   20/07/2016 4- Trabajo de Graduación  
NULL NULL Dewey Decimal Classification NULL Prestable NULL NULL Biblioteca Miguel de Cervantes - UNICAES Biblioteca Miguel de Cervantes - UNICAES Sala Principal 21/07/2016 Donación - Juana Elizabeth Segura Osorio, Liliana Isabel Oliva Aguilar, Ana Coralia Zaldaña Baches 002494 3 P-000657 1037515 01/06/2022 26/05/2022 21/07/2016 4- Trabajo de Graduación 1
NULL NULL Dewey Decimal Classification NULL Prestable NULL NULL Biblioteca Miguel de Cervantes - UNICAES Biblioteca Miguel de Cervantes - UNICAES Sala Principal 21/07/2016 Donación - Juana Elizabeth Segura Osorio, Liliana Isabel Oliva Aguilar, Ana Coralia Zaldaña Baches 002495 4 P-000657 1037516 14/10/2024 11/10/2024 21/07/2016 4- Trabajo de Graduación 1
NULL NULL Dewey Decimal Classification NULL Prestable NULL NULL Biblioteca Miguel de Cervantes - UNICAES Biblioteca Miguel de Cervantes - UNICAES Sala Principal 21/07/2016 Donación - Juana Elizabeth Segura Osorio, Liliana Isabel Oliva Aguilar, Ana Coralia Zaldaña Baches 002496   P-000657 1037517 21/07/2016   21/07/2016 4- Trabajo de Graduación